000 00626cam a2200241 i 4500
999 _c8912
_d8912
001 8912
003 BD-JhCC
005 20220322134023.0
008 750428s1989 ny a b 001 0 eng
035 _a(BD-JhCC)8912
040 _aDLC
_cDLC
_dDLC
_dICU
041 _aeng
050 0 0 _aQC176
_b.O38
082 0 0 _a530
_bABB 1989
100 1 _aAbbott, A.F.
245 1 0 _aPhysics /
_c A.F. Abbott,
260 _aGreat Briten :
_bHeineman education,
_c1989.
300 _axv, 600 p. :
_bill. ;
_c22 cm.
440 0 _aAddison-Wesley series in solid state sciences
650 0 _aphysics.
942 _2ddc
_cBK
_02